Management Information Systems (Record no. 18250)
[ view plain ]
| 000 -LEADER | |
|---|---|
| fixed length control field | 00453nam a22001697a 4500 |
| 008 - FIXED-LENGTH DATA ELEMENTS--GENERAL INFORMATION | |
| fixed length control field | 200228b xxu||||| |||| 00| 0 eng d |
| 020 ## - INTERNATIONAL STANDARD BOOK NUMBER | |
| International Standard Book Number | 1119588610 |
| 050 ## - LIBRARY OF CONGRESS CALL NUMBER | |
| Classification number | HD30.213 |
| Item number | .R35 2017 c.1 |
| 100 ## - MAIN ENTRY--PERSONAL NAME | |
| Personal name | Rainer, Kelly |
| 245 ## - TITLE STATEMENT | |
| Title | Management Information Systems |
| Remainder of title | Moving Business Forward |
| 250 ## - EDITION STATEMENT | |
| Edition statement | 4th ed. |
| 260 ## - PUBLICATION, DISTRIBUTION, ETC. (IMPRINT) | |
| Place of publication, distribution, etc. | Hoboken |
| Name of publisher, distributor, etc. | Wiley |
| Date of publication, distribution, etc. | 2017 |
| 300 ## - PHYSICAL DESCRIPTION | |
| Extent | xvii, 514p. |
| 700 ## - ADDED ENTRY--PERSONAL NAME | |
| Personal name | Brad prince |
| 700 ## - ADDED ENTRY--PERSONAL NAME | |
| Personal name | Hugh Watson |
| 942 ## - ADDED ENTRY ELEMENTS (KOHA) | |
| Source of classification or shelving scheme | Library of Congress Classification |
| Koha item type | General Collection |
| Withdrawn status | Lost status | Source of classification or shelving scheme | Not for loan | Home library | Current library | Date acquired | Cost, normal purchase price | Total Checkouts | Full call number | Barcode | Date last seen | Price effective from | Koha item type |
|---|---|---|---|---|---|---|---|---|---|---|---|---|---|
| Library of Congress Classification | Kabarak, Main Campus | Kabarak, Main Campus | 28/02/2020 | 5366.00 | HD30.213 .R35 2017 c.1 | 028703 | 02/08/2024 | 28/02/2020 | General Collection | ||||
| Library of Congress Classification | Kabarak, Main Campus | Kabarak, Main Campus | 28/02/2020 | 5366.00 | HD30.213 .R35 2017 c.2 | 028704 | 02/08/2024 | 28/02/2020 | General Collection | ||||
| Library of Congress Classification | Kabarak, Main Campus | Kabarak, Main Campus | 28/02/2020 | 5366.00 | HD30.213 .R35 2017 c.3 | 028705 | 02/08/2024 | 28/02/2020 | General Collection |